| 000 | 00685nam a2200205 i 4500 | ||
|---|---|---|---|
| 001 | 99338 | ||
| 003 | ES-MaACL | ||
| 005 | 20250826084643.0 | ||
| 007 | t| | ||
| 008 | 050907s1963 sp ||||1| spa d | ||
| 100 | 1 |
_aMartín-Granizo, León. _977517 |
|
| 245 | 1 | 0 |
_aBiografías de sociólogos españoles / _cLeón Martín-Granizo. |
| 260 |
_aMadrid : _b[s.n.], _c1963 ( _fImp. Bol. Nac. del Estado) |
||
| 300 |
_a210 p. ; _c21 cm. |
||
| 490 | 1 | _aEdiciones de Trabajo. Serie "Testimonio | |
| 650 | 4 |
_aSociólogos- _zEspaña- _xBiografías. _9159429 |
|
| 830 | 0 | 0 |
_aEdiciones de trabajo. _pSerie Testimonio _9232389 |
| 852 |
_aES-MaACL _jC-24852 _bR.53614 |
||
| 999 |
_c99338 _d99338 |
||